000 00442nam a2200181Ia 4500
001 16130
005 20260306170247.0
008 260306t1999||||xx |||||||||||||| ||und||
041 _aESP
082 _a346.9C4
_bP26 V. 2 1999
100 _aRubio Correa, Marcial...[et.al]
_eAUT
245 0 _aBiblioteca para leer el código civil
260 _c1999
300 _aV. 2
_c
650 _aGEN
654 _aCDE
942 _cLIB
_dJUS
_fJUS
_2ddc
_n
999 _c16130
_d16130